000 00807nas a2200265 4500
001 BR0904035
003 BR-BrBNA
005 20231205113245.0
007 ta
008 230509b bl.|||p| |||| 00| 00por d
040 _aBR-BrBNA
_bpor
_cBiblioteca Nacional de Agricultura
041 _a(Pt)
072 _aM12
100 1 _aFrasca-Scorvo, C.M.
100 1 _aCarneiro, D.J.
100 1 _aMalheiros, E.B.
245 1 _aEfeito do manejo alimentar no desempenho do matrinxã Brycon amazonicus em tanques de cultivo
650 _aMATRINXÃ
650 _aTAXA
650 _aALIMENTAÇÃO
650 _aDESENVOLVIMENTO PESQUEIRO
773 0 _tActa Amazônica (Brazil)
_xISSN 0044-5967
_g(Dec 2007), v. 37(4) p. 621-628
_wBR0904035
909 _a202311
_bLúcia
_c55
_dLúcia Elande
942 _2AGRIS
_n0
_cANA
999 _c202738
_d202738